A book that cannot be titled : spiritual insights and reflections on deeper dimensions of life (Record no. 8185)
[ view plain ]
| 000 -LEADER | |
|---|---|
| fixed length control field | 00380nam a22001337a 4500 |
| 003 - CONTROL NUMBER IDENTIFIER | |
| control field | OSt |
| 005 - DATE AND TIME OF LATEST TRANSACTION | |
| control field | 20190920124444.0 |
| 008 - FIXED-LENGTH DATA ELEMENTS--GENERAL INFORMATION | |
| fixed length control field | 190920b ||||| |||| 00| 0 eng d |
| 040 ## - CATALOGING SOURCE | |
| Transcribing agency | DDC |
| 082 ## - DEWEY DECIMAL CLASSIFICATION NUMBER | |
| Edition number | 23 |
| Classification number | 248.4 |
| Item number | J42B |
| 100 ## - MAIN ENTRY--PERSONAL NAME | |
| Personal name | Jayard, S. Stephen, 1969- |
| 245 ## - TITLE STATEMENT | |
| Title | A book that cannot be titled : spiritual insights and reflections on deeper dimensions of life |
| 942 ## - ADDED ENTRY ELEMENTS (KOHA) | |
| Source of classification or shelving scheme | Dewey Decimal Classification |
| Koha item type | Books |
No items available.
